Permanent Pilagrims (Record no. 12854)

MARC details
000 -LEADER
fixed length control field 00685nam a2200241 a 4500
020 ## - INTERNATIONAL STANDARD BOOK NUMBER
ISBN
082 00 - DEWEY DECIMAL CLASSIFICATION NUMBER
Classification number 297.55
Author Cutter YAM
100 ## - MAIN ENTRY--AUTHOR NAME
Author name Yamba, C Bawa
245 ## - TITLE STATEMENT
Title Permanent Pilagrims
Sub title The Lives of Role of Pilgrimage in the Lives of West African Muslim in Sudan
260 ## - PUBLICATION, DISTRIBUTION, ETC. (IMPRINT)
Place of publication Washington
Name of publisher Smithsonioan Institution
Year of publication 1995
300 ## - PHYSICAL DESCRIPTION
Number of Pages 237p
500 ## - GENERAL NOTE
General note includes index and biblioraphy
650 ## - SUBJECT ADDED ENTRY--TOPICAL TERM
Topical Term Islam-West Africa
650 ## - SUBJECT ADDED ENTRY--TOPICAL TERM
Topical Term Muslim Pilgrims and Pilgrimage-West
942 ## - ADDED ENTRY ELEMENTS (KOHA)
Koha item type Books
700 1# -
-- Yamba, C Bawa
Holdings
Collection code Home library Current library Date acquired Cost, normal purchase price Full call number Accession Number Koha item type
  Henry Martyn Institute Library Henry Martyn Institute Library 07/05/2007 600.00 297.55 YAM 019340 Books
                   Copyright © 2026 | Henry Martyn Institute | Hyderabad | TS-500052 | INDIA | Implemented by hmi.edu.in
Hit-Count:

Powered by Koha